000 00299nam a2200121Ia 4500
008 190216s9999||||xx |||||||||||||| ||und||
100 _aCrawford S Frank
245 0 _aWaves-Berkeley Physics Course Vol 3
260 _bTata Mcgrawhill Publishers
300 _a600
650 _aPhysics
942 _cBK
999 _c34357
_d34357